Sonda do názorů uchazečů o soukromé hospodaření na půde.
Výsledky prieskumu názorov a postojov vlastníkov pôdy k súkromnému hospodáreniu, ktorý uskutočnil Český institut agrární ekonomiky. Charakteristika záujemcov o súkromné hospodárenie a ich materiálne predpoklady. Vonkajšie podmienky pre rozvoj súkromného hospodárenia.
Salvato in:
| Natura: | Capitolo di libro |
|---|---|
| Lingua: | ceco |
| Soggetti: | |
| Tags: |
Nessun Tag, puoi essere il primo ad aggiungerne!!
|
MARC
| LEADER | 00000naa a2200000 4500 | ||
|---|---|---|---|
| 001 | r006335 | ||
| 005 | 20221125075911.5 | ||
| 041 | 0 | |a cze | |
| 044 | |a [CS] | ||
| 245 | 1 | 0 | |a Sonda do názorů uchazečů o soukromé hospodaření na půde. |
| 520 | |a Výsledky prieskumu názorov a postojov vlastníkov pôdy k súkromnému hospodáreniu, ktorý uskutočnil Český institut agrární ekonomiky. Charakteristika záujemcov o súkromné hospodárenie a ich materiálne predpoklady. Vonkajšie podmienky pre rozvoj súkromného hospodárenia. | ||
| 610 | 2 | 0 | |a prieskum sociologický |
| 610 | 2 | 0 | |a roľníci jednotlivo hospodáriaci |
| 610 | 2 | 0 | |a mienka verejná |
| 610 | 2 | 0 | |a podnikanie súkromné |